Science - Biology | 1 | 3 | 0 | 0 | 45 | 57 | 107.25 | 0 | 0 |
Science - Chemistry | 0 | 3 | 0 | 0 | 30 | 72 | 88.00 | 0 | 0 |
Science - Computer Science | 0 | 2 | 0 | 0 | 20 | 51 | 68.00 | 0 | 0 |
History - American | 1 | 0 | 0 | 0 | 15 | 14 | 14.00 | 1 | 1 |
Social Science - Other | 1 | 0 | 0 | 0 | 15 | 36 | 36.00 | 0 | 0 |
Social Science - Psychology | 0 | 1 | 0 | 0 | 10 | 91 | 91.00 | 0 | 0 |
Other - Other Academic and General Knowledge | 0 | 1 | 0 | 0 | 10 | 103 | 103.00 | 0 | 0 |
RMP - World Mythology | 0 | 1 | 0 | 0 | 10 | 128 | 128.00 | 0 | 0 |
Science - Earth | 0 | 1 | 0 | 0 | 10 | 98 | 98.00 | 0 | 0 |
Science - Engineering and Miscellaneous | 0 | 1 | 0 | 0 | 10 | 71 | 71.00 | 0 | 0 |
Science - Physics | 0 | 1 | 0 | 0 | 10 | 121 | 121.00 | 0 | 0 |
History - European | 0 | 0 | 0 | 0 | 0 | | 0.00 | 0 | 0 |
Literature - World and Miscellaneous | 0 | 0 | 0 | 0 | 0 | | 0.00 | 0 | 0 |
Literature - European | 0 | 0 | 0 | 0 | 0 | | 0.00 | 0 | 0 |
Fine Arts - Music | 0 | 0 | 0 | 0 | 0 | | 0.00 | 0 | 0 |